| 000 | 00729nam a2200217 u 4500 | ||
|---|---|---|---|
| 005 | 20240419063741.0 | ||
| 008 | 080520s2006 r 000 0 eng d | ||
| 020 | _a8426135579 (10 dígitos) | ||
| 020 | _a9788426135575 (13 dígitos) | ||
| 035 | _aUPN01000156052 | ||
| 049 | _aI | ||
| 050 | 4 |
_aPZ8.1 _bH4.5 |
|
| 100 | 1 | _aHennessy, Barbara G. | |
| 245 | 1 | 0 |
_aLucía y el unicornio : _bfelices para siempre / _cB. G. Hennessy ; il. de Susan Mitchell ; tr. Christiane Reyes. |
| 260 |
_aBarcelona, Esp. : _bJuventud, _cc2006. |
||
| 300 |
_a27 p. : _bil. col. |
||
| 534 |
_pTitulo original: _tClaire and the unicorn happy ever after |
||
| 650 | 0 |
_aCuentos de hadas _95259 |
|
| 700 | 1 |
_aMitchell, Susan, _eil. |
|
| 905 | _aInfantil | ||
| 999 |
_c128166 _d128166 |
||